• 首页
  • 本馆介绍
  • 公告通知
  • 最新文献
  • 馆藏检索
  • 电子资源
  • 读者导购
  • 参考咨询
  • 我的图书馆
  • 登录
  • 详细信息显示
  • 放入我的书架
  • 预约/预借图书
  • 作者相关作品
  • 分类相关作品
  • 丛书相关作品
  • 出版社相关作品

书目信息

  • 表格格式
  • 工作单格式
  • 卡片格式
题名:
经验主义路向
    
 
作者: 冯平 主编
分册: 上  
出版信息: 北京   北京师范大学出版社  2009
页数: 394页
开本: 24cm
丛书名:
单 册:
中图分类: B018 , B089
科图分类:
主题词: 价值(哲学)--西方国家--现代 , 经验主义--研究 , 价值(哲学) , 经验主义
电子资源:
ISBN: 978-7-303-09825-5
000 01101nam0 2200289 45
001 1029864417
005 20100428141514.42
010    @a978-7-303-09825-5@dCNY44.00(全2册88.00)
100    @a20100420d2009 ekmy0chiy0120 ea
101 0  @achi
102    @aCN@b110000
105    @ay z 000yy
106    @ar
200 1  @a经验主义路向@AJing Yan Zhu Yi Lu Xiang@h上@HShang@f冯平主编@FFeng Ping Zhu Bian
210    @a北京@c北京师范大学出版社@d2009
215    @a394页@d24cm
300    @a现代西方价值哲学经典
330    @a本书内容涵盖德奥英美24位哲学家的价值哲学代表作,从先验主义路向、经验:主义路向、心灵主义路向、语言分析路向四个角度,全面详细地介绍了现代西方价值哲学中的热点、难点和重点问题,反映了现代西方价值哲学研究的主要理论观点和思想精华,集思想性、理论性、资料性为一体,标志着我国价值哲学研究进入了一个新的阶段。
606 0  @a价值(哲学)@y西方国家@z现代
606 0  @a经验主义@x研究
606 0  @a价值(哲学)
606 0  @a经验主义
690    @aB018@v4
690    @aB089@v4
701  0 @a冯平@AFeng Ping@4主编
801  0 @aCN@bTANGWEI@c20100428
905    @b0593323-27@dB018@e258:1@f5
    
    经验主义路向.上/冯平主编.-北京:北京师范大学出版社,2009
    394页;24cm
    现代西方价值哲学经典
    
    ISBN 978-7-303-09825-5:CNY44.00(全2册88.00)
    本书内容涵盖德奥英美24位哲学家的价值哲学代表作,从先验主义路向、经验:主义路向、心灵主义路向、语言分析路向四个角度,全面详细地介绍了现代西方价值哲学中的热点、难点和重点问题,反映了现代西方价值哲学研究的主要理论观点和思想精华,集思想性、理论性、资料性为一体,标志着我国价值哲学研究进入了一个新的阶段。
●
相关链接 在E读中查询图书 在五车中查询图书 在当当中查询图书 在豆瓣中查询图书


正题名:经验主义路向     索取号:B018/258:1         预约/预借

序号 登录号 条形码 馆藏地/架位号 状态 备注
1 0593323   205933230   第一样本阅览室/ [索取号:B018/258:1] 在馆    
2 0593324   205933249   第一借阅区/ [索取号:B018/258:1] 在馆    
3 0593325   205933258   第一借阅区/ [索取号:B018/258:1] 在馆    
4 0593326   205933267   教育系资料室/ [索取号:B018/258:1] 在馆    
5 0593327   205933276   教育系资料室/ [索取号:B018/258:1] 在馆    
唐山师范学院图书馆 欢迎您!
大连网信软件有限公司© 版权所有